[Event "Tula Rjazanov Memorial"]
[Site "Tula"]
[Date "2016.02.12"]
[Round "7"]
[White "Krutov, Alexander"]
[Black "Rakovich, Viktor"]
[Result "1/2-1/2"]
[WhiteElo "1689"]
[BlackElo "1791"]
[PlyCount "111"]
[EventDate "2016.02.05"]
[EventType "swiss"]
[EventRounds "9"]
[EventCountry "RUS"]
[SourceTitle "CBM 171 Extra"]
[Source "ChessBase"]
[SourceDate "2016.04.26"]
[SourceVersion "1"]
[SourceVersionDate "2016.04.26"]
[SourceQuality "1"]

1. e4 c6 2. d4 d5 3. exd5 cxd5 4. Bb5+ Bd7 5. Bxd7+ Qxd7 6. Nf3 Nf6 7. Nc3 Nc6 8. Bg5 e6 9. Ne5 Qc7 10. Nxc6 bxc6 11. Bxf6 gxf6 12. Qd3 Bd6 13. g3 e5 14. Qe3 Rb8 15. b3 Bb4 16. a3 Bxc3+ 17. Qxc3 exd4 18. Qxd4 Qe7+ 19. Qe3 Qxe3+ 20. fxe3 Kd7 21. 0-0 Ke6 22. Rf2 Rhg8 23. Raf1 Rg6 24. Rf5 Rb5 25. Rh5 h6 26. Rhf5 Rc5 27. R5f2 Rc3 28. Re2 Ke5 29. Rd1 Ke4 30. Kf2 Rg5 31. Rd4+ Ke5 32. Rd3 Rf5+ 33. Kg2 Rxd3 34. cxd3 c5 35. e4 dxe4 36. Rxe4+ Kd6 37. Ra4 Rd5 38. Rxa7 Rxd3 39. Rxf7 Rxb3 40. Rxf6+ Kd5 41. Rxh6 c4 42. Rh8 c3 43. Rc8 Ke4 44. h4 Rb2+ 45. Kh3 c2 46. h5 Kd3 47. g4 Rb1 48. Kh4 c1Q 49. Rxc1 Rxc1 50. h6 Ra1 51. Kh5 Ke4 52. h7 Rxa3 53. Kg6 Ra8 54. g5 Kf4 55. Kg7 Kxg5 56. h8Q 1/2-1/2

[Event "Chern"]
[Site "Chern"]
[Date "2012.03.25"]
[Round "13"]
[White "Krutov, Alexander"]
[Black "Pogosian, Georgy"]
[Result "0-1"]
[WhiteElo "2001"]
[BlackElo "2201"]
[PlyCount "124"]
[EventDate "2012.03.17"]
[EventType "tourn"]
[EventRounds "13"]
[EventCountry "RUS"]
[EventCategory "3"]
[SourceTitle "EXT 2013"]
[Source "ChessBase"]
[SourceDate "2012.11.22"]
[SourceVersion "1"]
[SourceVersionDate "2012.11.22"]
[SourceQuality "1"]

1. c4 e6 2. Nc3 d5 3. d4 c6 4. cxd5 exd5 5. Bf4 Nf6 6. e3 Be7 7. Bd3 Nbd7 8. h3 Nf8 9. Nf3 Ne6 10. Be5 0-0 11. Qc2 g6 12. 0-0 Ng7 13. Bxf6 Bxf6 14. b4 Bf5 15. b5 Re8 16. bxc6 bxc6 17. Rab1 Qa5 18. Rb3 Rab8 19. Rfb1 Rxb3 20. Rxb3 Bxd3 21. Qxd3 Qc7 22. Qb1 Ra8 23. Rb7 Qc8 24. Na4 Ne6 25. Qb4 Kg7 26. Ne1 h5 27. Nd3 Kg8 28. Qb3 Kg7 29. Nac5 Nxc5 30. Nxc5 Bd8 31. Na4 Bf6 32. Qb2 Bd8 33. Kh1 Bf6 34. Nc5 Bd8 35. Nd7 Bb6 36. Rxb6 Qxd7 37. Rb7 Qe6 38. Qc2 a5 39. Qc5 Rc8 40. Qa7 Qf5 41. Kg1 Qf6 42. Qxa5 Qf5 43. Qa7 Rf8 44. Qc5 Rc8 45. a4 Ra8 46. a5 Qd3 47. Qxc6 Rxa5 48. Rxf7+ Kxf7 49. Qc7+ Kf6 50. Qxa5 Qb1+ 51. Kh2 Qc2 52. Qb6+ Kg7 53. Qb7+ Kh6 54. Qf7 Qa2 55. h4 Qe2 56. Kg3 Qa2 57. e4 Qb3+ 58. Qf3 Qc4 59. exd5 Qxd4 60. Qf8+ Kh7 61. Qf7+ Kh8 62. Qf6+ Qxf6 0-1

[Event "Chern"]
[Site "Chern"]
[Date "2012.03.24"]
[Round "12"]
[White "Tishin, Petr"]
[Black "Krutov, Alexander"]
[Result "1-0"]
[WhiteElo "2418"]
[BlackElo "2001"]
[PlyCount "57"]
[EventDate "2012.03.17"]
[EventType "tourn"]
[EventRounds "13"]
[EventCountry "RUS"]
[EventCategory "3"]
[SourceTitle "EXT 2013"]
[Source "ChessBase"]
[SourceDate "2012.11.22"]
[SourceVersion "1"]
[SourceVersionDate "2012.11.22"]
[SourceQuality "1"]

1. e4 c5 2. Nf3 d6 3. d4 cxd4 4. Nxd4 Nf6 5. Nc3 Nc6 6. Bg5 e6 7. Qd2 a6 8. 0-0-0 Bd7 9. f4 b5 10. Bxf6 gxf6 11. Nxc6 Bxc6 12. Qe1 Be7 13. Bd3 Qb6 14. Kb1 b4 15. Ne2 a5 16. Qg3 h5 17. f5 e5 18. Qg7 Rf8 19. Ng3 a4 20. Nxh5 a3 21. Bc4 Bxe4 22. Nxf6+ Bxf6 23. Qxf6 Qc5 24. b3 Rd8 25. Rhe1 Bxg2 26. h4 Bf3 27. Rd3 Bc6 28. h5 Qf2 29. Rxe5+ 1-0

[Event "Chern"]
[Site "Chern"]
[Date "2012.03.19"]
[Round "4"]
[White "Zaitsev, Alexander"]
[Black "Krutov, Alexander"]
[Result "1-0"]
[WhiteElo "2390"]
[BlackElo "2001"]
[PlyCount "77"]
[EventDate "2012.03.17"]
[EventType "tourn"]
[EventRounds "13"]
[EventCountry "RUS"]
[EventCategory "3"]
[SourceTitle "EXT 2013"]
[Source "ChessBase"]
[SourceDate "2012.11.22"]
[SourceVersion "1"]
[SourceVersionDate "2012.11.22"]
[SourceQuality "1"]

1. e4 c5 2. Nf3 d6 3. d4 cxd4 4. Nxd4 Nf6 5. Nc3 e6 6. Be2 Be7 7. 0-0 0-0 8. f4 a6 9. a4 Qc7 10. Be3 b6 11. Bf3 Bb7 12. Qe2 Nbd7 13. g4 Nc5 14. Qg2 Nfd7 15. g5 Rfe8 16. Nde2 Nf8 17. f5 Ncd7 18. f6 Bd8 19. fxg7 Ng6 20. Qf2 Kxg7 21. Ng3 Rf8 22. Rad1 Kh8 23. Nh5 Nge5 24. h4 Be7 25. Be2 Nc4 26. Bd4+ e5 27. Nf4 Rac8 28. Ncd5 Qd8 29. Bc3 b5 30. axb5 axb5 31. Kh2 Nc5 32. Qf3 Ne6 33. Nd3 Nc7 34. Nb6 Nxb6 35. Nxe5 dxe5 36. Rxd8 Bxd8 37. Bb4 Rg8 38. Qxf7 Bxe4 39. Bc3 1-0

[Event "Chern"]
[Site "Chern"]
[Date "2012.03.17"]
[Round "1"]
[White "Kurilin, Alexander"]
[Black "Krutov, Alexander"]
[Result "1-0"]
[WhiteElo "2284"]
[BlackElo "2001"]
[PlyCount "73"]
[EventDate "2012.03.17"]
[EventType "tourn"]
[EventRounds "13"]
[EventCountry "RUS"]
[EventCategory "3"]
[SourceTitle "EXT 2013"]
[Source "ChessBase"]
[SourceDate "2012.11.22"]
[SourceVersion "1"]
[SourceVersionDate "2012.11.22"]
[SourceQuality "1"]

1. e4 e6 2. d4 d5 3. Nd2 a6 4. Ngf3 c5 5. dxc5 Bxc5 6. Bd3 Nf6 7. 0-0 Nc6 8. a3 0-0 9. b4 Be7 10. Bb2 b5 11. Re1 Bb7 12. Qe2 Rc8 13. Rac1 Qc7 14. exd5 Nxd5 15. Qe4 g6 16. c4 bxc4 17. Nxc4 Rfd8 18. Na5 Qb6 19. Nxb7 Qxb7 20. Red1 Bf6 21. Bxf6 Nxf6 22. Qe2 Ra8 23. Qb2 Nd5 24. Ng5 Nce7 25. Ne4 h5 26. g3 h4 27. Rc5 hxg3 28. hxg3 Nf5 29. Qe5 Qe7 30. Bc4 Nb6 31. Rxd8+ Rxd8 32. Bxa6 Rd1+ 33. Kg2 Qd8 34. Be2 Re1 35. Bf3 Nd7 36. Nf6+ Qxf6 37. Rc8+ 1-0